000 00429pam a2200169a 44500
008 230405s2011 xxu||||| |||| 00| 0 eng d
041 _aENG
100 _aShakespeare , W.
245 _aTHE TEMPEST
250 _a1 . . Ed.
260 _aLONDON
_bHARPER COLLINS PUBLISHER
_c2011
300 _a220p.
440 _aSOURCE= BEST BOOK SUPPLIERS KOLHAPUR
650 _aENGLISH DRAMA
690 _aENGLISH DRAMA
906 _a11717
999 _c791932
_d791932